Statistics for Italy Metropolitan cities

Click here to take the quiz!

General Stats

  • This quiz has been taken 161 times
  • The average score is 8 of 10

Answer Stats

Hint Answer % Correct
4,321,244Rome
100%
3,176,180Milan
98%
2,297,917Turin
98%
3,127,390Naples
94%
1,007,252Florence
93%
857,841Venice
88%
868,046Genoa
81%
1,001,170Bologna
80%
1,261,964Bari
75%
559,759Reggio Calabria
20%

Score Distribution

Percentile by Number Answered

Percent of People with Each Score

Your Score History

You have not taken this quiz